Encyclopedia of media and communication

Đã lưu trong:
Sonraí Bibleagrafaíochta
Formáid: Leabhar
Teanga:Undetermined
Foilsithe: Toronto University of Toronto Press 2013
Ábhair:
Clibeanna: Cuir Clib Leis
Gan Chlibeanna, Bí ar an gcéad duine leis an taifead seo a chlibeáil!
Thư viện lưu trữ: Trung tâm Học liệu Trường Đại học Cần Thơ
LEADER 00553nam a2200193Ia 4500
001 CTU_196228
008 210402s9999 xx 000 0 und d
020 |c 1621000 
082 |a 302.203 
082 |b E56 
245 0 |a Encyclopedia of media and communication 
245 0 |c edited by Marcel Danesi 
260 |a Toronto 
260 |b University of Toronto Press 
260 |c 2013 
650 |a Communication,Truyền thông 
650 |x Bách khoa toàn thư 
904 |i Bằng 
980 |a Trung tâm Học liệu Trường Đại học Cần Thơ